000 00312nam a22001337a 4500
008 170613b xxu||||| |||| 00| 0 eng d
020 _a9780321033277
041 _aeng
080 _23 ED
_a327
100 _a19
101 _aSHP
245 _aUNDERSTADING INTERNATIONAL CONFLICTS
_cNYE.S.S
942 _2udc
_cBK
999 _c17136
_d17136